000 00562nam a2200193Ia 4500
005 20250326140829.0
008 250326s9999 xx 000 0 und d
020 _a0-89930-969-0
037 _aTextbook
040 _aFMSL
_beng
_cFMSL
041 _aeng
_2eng
084 _aX8(F):8 N5
_qFMSL
100 _aEstabrooks M
245 0 _aElectronic technology, corporate strategy and world transformation
_cEstabrooks M
260 _aLondon
_bLondon, Quorum Books
_c1995
300 _axi,269
942 _cTB
_hX8(F):8 N5
999 _c1287472
_d1287472